Congrés d'Història de Barcelona : la ciutat i el seu territori, dos mil anys d'història : Barcelona, 20, 21 i 22 d'octubre de 1993 la ciutat i el seu territori, dos mil anys d'història :
Descripción Física:
2 v. ; 30 cm
Materias:
Barcelona -- Història -- Congressos
MARC
| LEADER | 00000nam a2200000Ia 4500 | ||
|---|---|---|---|
| 001 | 10625, 10626 | ||
| 003 | BGR | ||
| 005 | 20260324175614.0 | ||
| 008 | 160829s9999 xx 000 0 cat d | ||
| 080 | |a H-1-17, H-1-18 | ||
| 111 | 2 | |a Congrés d'Història de Barcelona |n (3r : |d 1993 : |c Barcelona, Catalunya) |9 55738 | |
| 245 | |a Congrés d'Història de Barcelona : |b la ciutat i el seu territori, dos mil anys d'història : |b Barcelona, 20, 21 i 22 d'octubre de 1993 | ||
| 260 | |a Barcelona : |b Ajuntament de Barcelona, DL 1993 | ||
| 300 | |a 2 v. ; |c 30 cm | ||
| 590 | |a A la coberta, Institut Municipal d'Història | ||
| 650 | |a Barcelona |x Història |x Congressos |9 34931 | ||
| 710 | 1 | |a Barcelona (Catalunya). |b Ajuntament |9 50981 | |
| 710 | 1 | |a Institut Municipal d'Història (Barcelona) |9 70960 | |
| 866 | |a 1, 2 | ||
| 901 | |a Arxiu | ||
| 942 | |n 1 |2 udc |c MON | ||
| 952 | |0 0 |1 0 |4 0 |6 H117_H118 |7 1 |9 46699 |a Arxiu |b Arxiu |d 2016-12-01 |l 0 |o H-1-17, H-1-18 |p 10625, 10626 |r 2016-12-01 00:00:00 |w 2016-12-01 |y ARXIU | ||
| 999 | |c 50492 |d 50492 | ||